| 000 | 00595nam a22001817a 4500 | ||
|---|---|---|---|
| 999 |
_c6232 _d6232 |
||
| 003 | GBCCL | ||
| 005 | 20241126110559.0 | ||
| 008 | 180504b ||||| |||| 00| 0 eng d | ||
| 040 | _cgbc | ||
| 082 |
_a268 _bKEL |
||
| 100 |
_aKeller, W. Phillip _d1920 - 1997 _911179 |
||
| 245 |
_aExpendable!: _bWith God on the Prairies: the ministry of Prairie Bible institute, Three Hills, Alberta, Canada / _cW. Phillip Keller |
||
| 260 |
_aAlberta: _bPrairie Press, _c1966 |
||
| 300 |
_a224 p.; _bill., _c21 cm. |
||
| 650 |
_aPrairie Bible Institute _911180 |
||
| 650 |
_aMaxwell, L. E. _911181 |
||
| 942 |
_2ddc _cBK |
||